Thesis Open Access
FAYERA MOSISA
<?xml version='1.0' encoding='UTF-8'?>
<record xmlns="http://www.loc.gov/MARC21/slim">
<leader>00000nam##2200000uu#4500</leader>
<controlfield tag="005">20241007125518.0</controlfield>
<controlfield tag="001">2926</controlfield>
<datafield tag="856" ind1="4" ind2=" ">
<subfield code="s">3075048</subfield>
<subfield code="z">md5:2f48a3fbeeb4ebd1f46f9311018e2ebc</subfield>
<subfield code="u">https://zenodo.org/record/2926/files/f1050884640_final_thesis_2.pdf</subfield>
</datafield>
<datafield tag="542" ind1=" " ind2=" ">
<subfield code="l">open</subfield>
</datafield>
<datafield tag="260" ind1=" " ind2=" ">
<subfield code="c">2016-02-01</subfield>
</datafield>
<datafield tag="909" ind1="C" ind2="O">
<subfield code="p">user-aau</subfield>
<subfield code="p">user-zenodo</subfield>
<subfield code="o">oai:zenodo.org:2926</subfield>
</datafield>
<datafield tag="100" ind1=" " ind2=" ">
<subfield code="a">FAYERA MOSISA</subfield>
</datafield>
<datafield tag="245" ind1=" " ind2=" ">
<subfield code="a">TRACK SURVEYING AND SPEED OPTIMIZATION (CASE STUDY ADDIS ABABA – ADAMA LINE)</subfield>
</datafield>
<datafield tag="980" ind1=" " ind2=" ">
<subfield code="a">user-aau</subfield>
</datafield>
<datafield tag="980" ind1=" " ind2=" ">
<subfield code="a">user-zenodo</subfield>
</datafield>
<datafield tag="540" ind1=" " ind2=" ">
<subfield code="u">http://www.opendefinition.org/licenses/cc-by</subfield>
<subfield code="a">Creative Commons Attribution</subfield>
</datafield>
<datafield tag="650" ind1="1" ind2="7">
<subfield code="a">cc-by</subfield>
<subfield code="2">opendefinition.org</subfield>
</datafield>
<datafield tag="520" ind1=" " ind2=" ">
<subfield code="a"><p>Speed Optimization is a means of improving the geometric alignment, infrastructure and<br>
construction materials and structure performance during the working cycles under some manufacturing,<br>
operational and failure conditions as well as cost limitations.<br>
The new Ethiopian national railway network design speed is about 120Km/h which is too low when<br>
compared with some developed countries rail speed. Construction of new high speed line needs huge<br>
investment that may not be viable for a developing country like Ethiopia and optimization of existing line<br>
using different techniques is the available option. The major anticipated problems/demand behind for<br>
high speed for the country national rail network and Addis Ababa &ndash; Adama line in particular are for that<br>
it is Competitive with toll road of same speed, located along the development axis area of Ethiopian<br>
economy, located along country&rsquo;s industrial zone highly polluted by industry emission, national image<br>
building, attracting investor and delay of freight at sea port.<br>
Optimization of speed were done by enquiring and analyzing existing track geometry and track super<br>
structures, construction materials and other speed related parameters to identify restrictive sections and<br>
the maximum allowable speed of the line. Geometric analysis and design were done by Bentley Inrail<br>
software in the optimization process and finite element methods were used for analyzing of track<br>
component response under optimized speed</p></subfield>
</datafield>
<datafield tag="773" ind1=" " ind2=" ">
<subfield code="n">doi</subfield>
<subfield code="i">isVersionOf</subfield>
<subfield code="a">10.20372/nadre:2925</subfield>
</datafield>
<datafield tag="024" ind1=" " ind2=" ">
<subfield code="a">10.20372/nadre:2926</subfield>
<subfield code="2">doi</subfield>
</datafield>
<datafield tag="980" ind1=" " ind2=" ">
<subfield code="a">publication</subfield>
<subfield code="b">thesis</subfield>
</datafield>
</record>
| All versions | This version | |
|---|---|---|
| Views | 0 | 0 |
| Downloads | 0 | 0 |
| Data volume | 0 Bytes | 0 Bytes |
| Unique views | 0 | 0 |
| Unique downloads | 0 | 0 |